Groupe de chose Jeux Vidéo (4) - Statistiques

Statistiques générales
  • Ce quiz a été pris 298 fois
  • Le résultat moyen est 15 sur 36
Statistiques - réponses
4 plombiers colorés de Nintendo % Correct
Luigi
100%
Mario
100%
Wario
97%
Waluigi
96%
Xbox
93%
Xbox 360
83%
Xbox One
82%
DS / "DS Tank"
65%
Xbox Serie X/S
65%
Regigigas
46%
Registeel
46%
Dark souls
45%
Regirock
45%
Elden Ring
44%
Regice
44%
DS Lite
42%
Asylum
35%
Cloud Strife
35%
DSi
34%
Bloodborn
30%
City
30%
Sekiro
30%
Knight
27%
Tifa Lockhart
19%
Origins
15%
Pinky
15%
Aerith Gainsborough
14%
Le Tartare
13%
Blinky
12%
Les Champs Elysées
12%
Barret Wallace
10%
Clyde
10%
Le Temple du Styx
10%
DSi XL
9%
Inky
8%
Les plaines de l'Asphodèle
6%
Aucun quiz correspondant
Distribution des résultats
% des personnes avec chaque résultat
Percentile par nombre de réponses
Votre historique - résultats
Vous n’avez pas pris ce quiz